| 000 | 00505 a2200193 4500 | ||
|---|---|---|---|
| 001 | 065721 | ||
| 003 | OSt | ||
| 005 | 20210903112232.0 | ||
| 008 | |||
| 082 |
_a004 _bM31C |
||
| 100 | 1 | _aMano, M. Morris | |
| 245 | 1 |
_aComputer system architecture _cby Morris M. Mano |
|
| 250 | _a3rd ed. | ||
| 260 |
_aNew Delhi _bPearson _c2008 |
||
| 300 | _a520p. | ||
| 653 | _aSystem architecture | ||
| 690 | _aComputer architecture; Electronic digital computers | ||
| 942 |
_2ddc _cBK |
||
| 999 |
_c104 _d104 |
||